000 00235nam a2200097Ia 4500
001 642023
005 20250826153518.0
008 250824s9999 xx 000 0 und d
245 0 _aMACERA VAGONU
_cESRA KİREÇCİ
260 _bGENÇ TİMAŞ
999 _c642023
_d642023